| 000 | 01379nam a2200289Ia 4500 | ||
|---|---|---|---|
| 003 | OSt | ||
| 005 | 20210112152225.0 | ||
| 008 | 191128s2011 ck gr 000 0 spa d | ||
| 020 | _a9786071109811 | ||
| 040 | 0 |
_aCO-JMCR _cCO-JMCR |
|
| 041 | 0 | _aspa | |
| 082 | 0 | 4 |
_a658.408 / _bK625e _223 |
| 100 | 1 |
_aKofman, Fredy, _eautor _912840 |
|
| 245 | 1 | 3 |
_aLa empresa consciente : _bcómo construir valor a través de valores / _cFredy Kofman |
| 250 | _aPrimera edición | ||
| 260 |
_aMéxico : _bPunto de Lectura, _c2011 |
||
| 300 |
_a479 páginas ; _c19 cm. |
||
| 300 | _c | ||
| 490 | 0 |
_aNegocios ; _v472 |
|
| 500 | _aIncluye notas a pie de páginas. | ||
| 504 | _aBibliografía: páginas 473-479 | ||
| 505 | 0 | _aLa empresa consciente -- Responsabilidad incondicional -- Integridad escencial -- Humildad ontológica -- Comunicación auténtica -- La negociación constructiva -- Coordinación impecable -- Competencia emocional -- Entrar al mercado con vocación de servicio | |
| 520 | 0 | _aSaber acerca de managment no es lo mismo que saber cómo ponerlo en práctica. A partir de la experiencia de ejecutivos de Microsoft, Google, Yahoo, General Motors, Citibank y otras compañias con liderazgo global, el autor de este libro se enfoca en demostr | |
| 650 | 2 | 4 |
_aÉtica de los negocios _91608 |
| 650 | 2 | 4 |
_aResponsabilidad social de los negocios _912766 |
| 942 |
_2ddc _cBK |
||
| 999 |
_c4810 _d4810 |
||